Rivaux de l'anime Pokémon - Statistiques

Statistiques générales
  • Ce quiz a été pris 57 fois
  • Le résultat moyen est 11 sur 20
Statistiques - réponses
Par images Réponse % Correct
Régis
94%
Paul
92%
Bianca
85%
Barry/René
83%
Gladio
77%
Zoe
60%
Alain
58%
Faiza
56%
Niko
56%
Drew
54%
Richie
48%
Liam
46%
Alexis
44%
Harley
42%
Jules
38%
Morrison
38%
Tyson
33%
Virgile
29%
Cathy
25%
Solidad
17%
Aucun quiz correspondant
Distribution des résultats
% des personnes avec chaque résultat
Percentile par nombre de réponses
Votre historique - résultats
Vous n’avez pas pris ce quiz